[Event "16. Copenhagen Open"]
[Site "Copenhagen"]
[Date "1994.??.??"]
[Round "1"]
[White "Petersen, Steen"]
[Black "Gretarsson, Helgi Ass"]
[Result "0-1"]
[WhiteElo "2085"]
[BlackElo "2390"]
[PlyCount "75"]
[EventDate "1994.??.??"]
[EventType "swiss"]
[EventRounds "10"]
[EventCountry "DEN"]
[SourceDate "2004.01.01"]

1. e4 e5 2. Nf3 Nc6 3. Bb5 a6 4. Ba4 d6 5. c3 Bd7 6. d4 Nge7 7. O-O Ng6 8. dxe5
dxe5 9. Be3 Bd6 10. Nbd2 O-O 11. Nc4 Be6 12. Nxd6 cxd6 13. Bb3 Qe7 14. Qd3 h6
15. Nd2 Rad8 16. Bd5 Bxd5 17. Qxd5 Qc7 18. Qb3 b5 19. a4 Na5 20. Qb4 Nc6 21.
Qb3 Rb8 22. axb5 axb5 23. Rfd1 Nge7 24. Qa2 Kh8 25. Nf1 f5 26. f3 Rf6 27. Rd2
f4 28. Bf2 g5 29. Qa3 h5 30. h3 Rg6 31. Nh2 Nc8 32. Rad1 N6e7 33. Qb3 Ng8 34.
Rd5 Qc6 35. Rc1 Qc4 36. Qd1 Nce7 37. b3 Qc8 38. Rxd6 0-1

[Event "16. Copenhagen Open"]
[Site "Copenhagen"]
[Date "1994.??.??"]
[Round "1"]
[White "Pioch, Thomas"]
[Black "Berg, Klaus"]
[Result "0-1"]
[WhiteElo "2165"]
[BlackElo "2440"]
[PlyCount "128"]
[EventDate "1994.??.??"]
[EventType "swiss"]
[EventRounds "10"]
[EventCountry "DEN"]
[SourceDate "2004.01.01"]

1. e4 c6 2. d4 d5 3. Nc3 dxe4 4. Nxe4 Bf5 5. Ng3 Bg6 6. h4 h6 7. Nh3 e6 8. Nf4
Bh7 9. Bc4 Nf6 10. O-O Bd6 11. Nxe6 fxe6 12. Bxe6 Nbd7 13. Re1 Qc7 14. Nf5
O-O-O 15. Nxg7 Kb8 16. Bh3 Nf8 17. Nf5 Bh2+ 18. Kh1 Bf4 19. Qf3 Bxc1 20. Raxc1
Bxf5 21. Qxf5 N8h7 22. c3 Rhf8 23. Qe5 Qxe5 24. Rxe5 Nd5 25. Rc2 Nhf6 26. g3
Nd7 27. Re6 h5 28. Rce2 N7f6 29. Kg1 Kc7 30. R6e5 b5 31. Rg5 Rde8 32. Rg7+ Kd6
33. Rxe8 Rxe8 34. Kf1 a5 35. Bf5 a4 36. a3 Nb6 37. Rf7 Nfd5 38. Rh7 Nf6 39. Rf7
Nfd5 40. Rh7 Rf8 41. Rxh5 Nc4 42. Rh6+ Kc7 43. Rh7+ Kb6 44. Be6 Nxb2 45. g4 Nd1
46. Rf7 Rxf7 47. Bxf7 N1xc3 48. h5 b4 49. h6 bxa3 50. Bxd5 Nxd5 51. h7 a2 52.
h8=Q a1=Q+ 53. Kg2 a3 54. Qb8+ Ka6 55. Qd6 Qc3 56. Qf8 Nb6 57. g5 a2 58. g6
a1=Q 59. g7 Qcc1 60. g8=Q Qh1+ 61. Kg3 Qag1+ 62. Kf4 Qxf2+ 63. Kg5 Qxf8 64.
Qc4+ Nxc4 0-1

[Event "16. Copenhagen Open"]
[Site "Copenhagen"]
[Date "1994.??.??"]
[Round "1"]
[White "Preuss, Flemming"]
[Black "Pilgaard, Kim"]
[Result "0-1"]
[WhiteElo "2020"]
[BlackElo "2280"]
[PlyCount "72"]
[EventDate "1994.??.??"]
[EventType "swiss"]
[EventRounds "10"]
[EventCountry "DEN"]
[SourceDate "2004.01.01"]

1. f4 d5 2. Nf3 Nf6 3. g3 Nc6 4. Bg2 Bg4 5. Ne5 Nxe5 6. fxe5 Nd7 7. d4 e6 8.
Qd2 Be7 9. O-O O-O 10. e4 c6 11. Nc3 Qb6 12. Qf4 Bh5 13. exd5 cxd5 14. Bd2 Bg6
15. Na4 Qa6 16. Nc3 Rac8 17. Rae1 b5 18. a3 Nb6 19. Rf2 Nc4 20. Bf1 Qb6 21.
Nxb5 Nxb2 22. c3 Nc4 23. Bxc4 Rxc4 24. Nd6 Rc6 25. c4 dxc4 26. Bb4 c3 27. Ne4
Bxb4 28. axb4 Qxb4 29. Nd6 c2 30. Rc1 a5 31. h4 h5 32. g4 hxg4 33. Qxg4 Qa3 34.
Qf4 Rb8 35. h5 Qxc1+ 36. Qxc1 Rb1 0-1

[Event "16. Copenhagen Open"]
[Site "Copenhagen"]
[Date "1994.??.??"]
[Round "1"]
[White "Roder, Peter"]
[Black "Danielsen, Henrik"]
[Result "1/2-1/2"]
[WhiteElo "2205"]
[BlackElo "2480"]
[PlyCount "120"]
[EventDate "1994.??.??"]
[EventType "swiss"]
[EventRounds "10"]
[EventCountry "DEN"]
[SourceDate "2004.01.01"]

1. e4 c6 2. d4 d5 3. Nc3 dxe4 4. Nxe4 Bf5 5. Ng3 Bg6 6. Nf3 Nd7 7. h4 h6 8. Bd3
Bxd3 9. Qxd3 e6 10. Bd2 Ngf6 11. c4 Be7 12. Bc3 O-O 13. Rd1 b5 14. b3 bxc4 15.
bxc4 Qb6 16. O-O Qa6 17. Rfe1 Rfd8 18. Qe2 Rab8 19. Rb1 Bd6 20. Ne5 Rxb1 21.
Rxb1 Rb8 22. Re1 Bxe5 23. dxe5 Ne8 24. Ne4 Nb6 25. Nd6 Nxd6 26. exd6 Qxc4 27.
Qe5 Qg4 28. Re4 Qg6 29. Qd4 c5 30. Qe5 Nd7 31. Qf4 Rb1+ 32. Kh2 Rd1 33. Qf3 e5
34. Qxd1 Qxe4 35. g3 Qc4 36. Qd2 f6 37. Qb2 Qd5 38. Qa3 Qxd6 39. Qxa7 Qd3 40.
a4 e4 41. a5 f5 42. a6 e3 43. fxe3 Qe2+ 44. Kh1 Qd1+ 45. Kg2 Qe2+ 46. Kh1 Qf3+
47. Kh2 Qf2+ 48. Kh1 Qf1+ 49. Kh2 Qe2+ 50. Kh1 Qd3 51. Qb7 Qxc3 52. a7 Qe1+ 53.
Kg2 Qe2+ 54. Kg1 Qxe3+ 55. Kg2 Qd2+ 56. Kg1 Qe1+ 57. Kg2 Qe2+ 58. Kg1 Qe1+ 59.
Kg2 Qe2+ 60. Kg1 Qe1+ 1/2-1/2

[Event "16. Copenhagen Open"]
[Site "Copenhagen"]
[Date "1994.??.??"]
[Round "1"]
[White "Schreiber, Edwin"]
[Black "Bogdanovich, Grigory"]
[Result "0-1"]
[WhiteElo "2025"]
[BlackElo "2385"]
[PlyCount "136"]
[EventDate "1994.??.??"]
[EventType "swiss"]
[EventRounds "10"]
[EventCountry "DEN"]
[SourceDate "2004.01.01"]

1. e4 c5 2. Nf3 Nf6 3. e5 Nd5 4. d4 cxd4 5. Nxd4 Nc6 6. c4 Ndb4 7. Nxc6 Nxc6 8.
f4 e6 9. Be3 f6 10. exf6 Qxf6 11. Nc3 Bb4 12. Qd2 O-O 13. Be2 d5 14. cxd5 exd5
15. a3 d4 16. axb4 dxe3 17. Qxe3 Nxb4 18. O-O-O Qg6 19. Qe4 Na2+ 20. Kd2 Bf5
21. Qd5+ Be6 22. Qg5 Rad8+ 23. Ke3 Nxc3 24. bxc3 Qxg5 25. fxg5 Rde8 26. Kd2 Rf2
27. Ke3 Rxg2 28. Bb5 Bd7+ 29. Kf3 Bxb5 30. Kxg2 Bc6+ 31. Kf2 Bxh1 32. Rxh1 Rc8
33. Rc1 Rc5 34. h4 Rc4 35. h5 Rc5 36. Rd1 Rxg5 37. Rd8+ Kf7 38. Rd7+ Kf6 39.
Rxb7 Rxh5 40. Rxa7 Rc5 41. Ra3 g5 42. Ra6+ Kf5 43. Rh6 Rc7 44. c4 Kg4 45. c5
Rxc5 46. Rxh7 Rc2+ 47. Kf1 Kg3 48. Rg7 g4 49. Rg8 Rc1+ 50. Ke2 Ra1 51. Rg7 Rh1
52. Rg8 Rh7 53. Kf1 Kh3 54. Ke1 Rf7 55. Ke2 Ra7 56. Rh8+ Kg3 57. Kf1 Ra1+ 58.
Ke2 Kg2 59. Rg8 g3 60. Rh8 Ra5 61. Rg8 Re5+ 62. Kd1 Kf2 63. Rf8+ Kg1 64. Rg8 g2
65. Rf8 Kh2 66. Rh8+ Kg3 67. Rg8+ Kh3 68. Rh8+ Kg4 0-1

[Event "16. Copenhagen Open"]
[Site "Copenhagen"]
[Date "1994.??.??"]
[Round "1"]
[White "Sinkbk, Aage"]
[Black "Ward, Christopher"]
[Result "0-1"]
[WhiteElo "2220"]
[BlackElo "2495"]
[PlyCount "60"]
[EventDate "1994.??.??"]
[EventType "swiss"]
[EventRounds "10"]
[EventCountry "DEN"]
[SourceDate "2004.01.01"]

1. Nf3 c5 2. g3 Nc6 3. Bg2 g6 4. O-O Bg7 5. c3 e5 6. e4 Nge7 7. d3 d6 8. Be3 f5
9. Na3 h6 10. Nc2 O-O 11. exf5 gxf5 12. d4 cxd4 13. cxd4 f4 14. gxf4 exf4 15.
Bd2 Bf5 16. Bc3 Nd5 17. Nb4 Ndxb4 18. Bxb4 Kh8 19. Bc3 d5 20. Ne5 Qh4 21. Nxc6
bxc6 22. f3 Rae8 23. Rf2 Re6 24. Re2 Rg6 25. Kh1 Rg8 26. Qe1 Qg5 27. Qf2 Bf6
28. Rae1 Qh5 29. Rg1 Rg5 30. Qe1 Qxh2+ 0-1

[Event "16. Copenhagen Open"]
[Site "Copenhagen"]
[Date "1994.??.??"]
[Round "1"]
[White "Sylvan, Jacob"]
[Black "Maksimenko, Andrei"]
[Result "0-1"]
[WhiteElo "2185"]
[BlackElo "2475"]
[PlyCount "98"]
[EventDate "1994.??.??"]
[EventType "swiss"]
[EventRounds "10"]
[EventCountry "DEN"]
[SourceDate "2004.01.01"]

1. e4 c5 2. Nc3 Nc6 3. f4 e6 4. Nf3 d5 5. Bb5 dxe4 6. Nxe4 Bd7 7. O-O Nh6 8. b3
Be7 9. Bb2 O-O 10. Bxc6 Bxc6 11. d3 Nf5 12. Qe1 b6 13. Qf2 Rc8 14. Ng3 Nd6 15.
Ne5 Ba8 16. f5 f6 17. Nc4 Nxf5 18. Nxf5 exf5 19. Qxf5 Re8 20. Rae1 Bf8 21. Ne3
Bc6 22. Ng4 Qd5 23. Qxd5+ Bxd5 24. Ne3 Bc6 25. Nf5 Kf7 26. Kf2 Rxe1 27. Rxe1 g6
28. Ne3 Re8 29. g3 h5 30. Nc4 Rxe1 31. Kxe1 Ke6 32. Ke2 g5 33. a4 Be7 34. Ne3
Bd6 35. Kf2 f5 36. d4 Be4 37. d5+ Bxd5 38. Nxd5 Kxd5 39. Bf6 g4 40. Ke3 c4 41.
Bc3 cxb3 42. cxb3 Ke6 43. Bd2 f4+ 44. Kf2 Kf5 45. b4 Ke4 46. b5 Bc5+ 47. Kg2
f3+ 48. Kf1 Be3 49. Bb4 Kd5 0-1

[Event "16. Copenhagen Open"]
[Site "Copenhagen"]
[Date "1994.??.??"]
[Round "1"]
[White "Sorensen, Henrik"]
[Black "Hansen, Lars Bo"]
[Result "0-1"]
[WhiteElo "2245"]
[BlackElo "2545"]
[PlyCount "68"]
[EventDate "1994.??.??"]
[EventType "swiss"]
[EventRounds "10"]
[EventCountry "DEN"]
[SourceDate "2004.01.01"]

1. d4 Nf6 2. Nf3 e6 3. e3 b6 4. Bd3 Bb7 5. O-O d5 6. b3 Nbd7 7. Bb2 Be7 8. c4
O-O 9. Qc2 c5 10. Nbd2 Rc8 11. a4 cxd4 12. exd4 Nb8 13. Rfe1 Nc6 14. Qb1 Ba6
15. Bf1 Na5 16. Qd3 dxc4 17. Qb1 Bb7 18. bxc4 Bxf3 19. Nxf3 Nxc4 20. Bc1 Nd5
21. Ne5 Nxe5 22. dxe5 Bc5 23. Qe4 f5 24. Qf3 Bd4 25. Ra2 Bc3 26. Rd1 Bxe5 27.
Ba3 Rf6 28. g3 Rg6 29. Rad2 Qf6 30. Rxd5 exd5 31. Qxd5+ Kh8 32. Ba6 Rb8 33. f4
Bxf4 34. Bb2 Qf8 0-1

[Event "16. Copenhagen Open"]
[Site "Copenhagen"]
[Date "1994.??.??"]
[Round "2"]
[White "Andersen, Ole Bo"]
[Black "Schreiber, Edwin"]
[Result "1/2-1/2"]
[WhiteElo "2225"]
[BlackElo "2025"]
[PlyCount "86"]
[EventDate "1994.??.??"]
[EventType "swiss"]
[EventRounds "10"]
[EventCountry "DEN"]
[SourceDate "2004.01.01"]

1. d4 Nf6 2. c4 e6 3. Nc3 Bb4 4. Qc2 c5 5. dxc5 Na6 6. a3 Bxc3+ 7. Qxc3 Nxc5 8.
b4 Nce4 9. Qd4 d5 10. c5 h6 11. Nh3 O-O 12. f3 e5 13. Qxe5 Bxh3 14. gxh3 Re8
15. Qd4 Ng5 16. Bxg5 hxg5 17. Rg1 Nh7 18. h4 f6 19. O-O-O gxh4 20. Qxd5+ Qxd5
21. Rxd5 Re3 22. Rd7 g5 23. Rd3 Rae8 24. Kd2 R3e7 25. Rg4 f5 26. Rgd4 Nf6 27.
Rd8 Kf7 28. Rxe8 Kxe8 29. Kc3 Re5 30. Rd6 Kf7 31. Kd4 Re7 32. h3 f4 33. a4 Ne8
34. Rd5 Nc7 35. Rf5+ Kg6 36. Re5 Rd7+ 37. Ke4 Kf6 38. Rf5+ Kg6 39. c6 bxc6 40.
Rc5 Rd6 41. b5 Re6+ 42. Kd3 Rd6+ 43. Kc2 Nd5 1/2-1/2

[Event "16. Copenhagen Open"]
[Site "Copenhagen"]
[Date "1994.??.??"]
[Round "2"]
[White "Arkell, Keith"]
[Black "Steinbacher, Matthias"]
[Result "0-1"]
[WhiteElo "2500"]
[BlackElo "2390"]
[PlyCount "66"]
[EventDate "1994.??.??"]
[EventType "swiss"]
[EventRounds "10"]
[EventCountry "DEN"]
[SourceDate "2004.01.01"]

1. d4 Nf6 2. Nf3 c5 3. d5 b5 4. Bg5 Ne4 5. Qd3 Nxg5 6. Nxg5 e6 7. h4 Qf6 8. Nc3
c4 9. Qd2 Bb4 10. Rh3 O-O 11. a4 Bb7 12. e4 h6 13. Nf3 exd5 14. exd5 Re8+ 15.
Be2 Na6 16. axb5 Nc5 17. Kf1 a6 18. bxa6 Rxa6 19. Rb1 Rb6 20. Ra1 Ne4 21. Nxe4
Rxe4 22. c3 Bc5 23. Ra5 d6 24. Ra4 Ra6 25. Rxa6 Bxa6 26. Qc2 Qf4 27. h5 Bc8 28.
Rh4 Bg4 29. Bd1 Re7 30. g3 Qf5 31. Ng1 Be2+ 32. Kg2 Qxf2+ 33. Kh3 Qf1+ 0-1

[Event "16. Copenhagen Open"]
[Site "Copenhagen"]
[Date "1994.??.??"]
[Round "2"]
[White "Baburin, Alexander"]
[Black "Bator, Robert"]
[Result "0-1"]
[WhiteElo "2520"]
[BlackElo "2410"]
[PlyCount "72"]
[EventDate "1994.??.??"]
[EventType "swiss"]
[EventRounds "10"]
[EventCountry "DEN"]
[SourceDate "2004.01.01"]

1. d4 d5 2. c4 e6 3. Nc3 Bb4 4. Nf3 dxc4 5. e3 b5 6. a4 c6 7. Bd2 a5 8. axb5
Bxc3 9. Bxc3 cxb5 10. b3 Bb7 11. bxc4 b4 12. Bb2 Nf6 13. Bd3 O-O 14. Qc2 Nbd7
15. e4 e5 16. O-O Nh5 17. c5 Nf4 18. Bb5 b3 19. Qxb3 Bxe4 20. Qe3 Rb8 21. Qxe4
Rxb5 22. Ba3 Nf6 23. Qxe5 N6d5 24. Qf5 Rb3 25. Rfe1 g6 26. Qg5 Qc8 27. Nd2 f6
28. Qh4 g5 29. Qh6 Qg4 30. g3 Nh3+ 31. Kf1 Qf5 32. Ne4 Ne3+ 33. Rxe3 Rxe3 34.
c6 Rxa3 35. Rxa3 Qxe4 36. Qxh3 Rb8 0-1

[Event "16. Copenhagen Open"]
[Site "Copenhagen"]
[Date "1994.??.??"]
[Round "2"]
[White "Berg, Klaus"]
[Black "Hvenekilde, Jorgen"]
[Result "0-1"]
[WhiteElo "2440"]
[BlackElo "2320"]
[PlyCount "94"]
[EventDate "1994.??.??"]
[EventType "swiss"]
[EventRounds "10"]
[EventCountry "DEN"]
[SourceDate "2004.01.01"]

1. c4 Nf6 2. Nc3 g6 3. e4 d6 4. d4 Bg7 5. f3 O-O 6. Bg5 c6 7. Qd2 Re8 8. Bd3 a6
9. a4 a5 10. Nge2 Na6 11. Rd1 Nd7 12. h4 Qc7 13. h5 e5 14. d5 Ndc5 15. Bb1 Nb3
16. Qe3 Nac5 17. hxg6 fxg6 18. Qf2 Nd4 19. Qh4 Bh8 20. Nxd4 exd4 21. Ne2 cxd5
22. cxd5 Qf7 23. Nxd4 Bd7 24. b3 Rac8 25. Ba2 b5 26. Nxb5 Bxb5 27. axb5 Rb8 28.
O-O Rxb5 29. Rb1 Bd4+ 30. Kh1 Re5 31. g4 Re8 32. Kg2 Reb8 33. Rbd1 Bg7 34. Qh2
Be5 35. f4 Bg7 36. e5 Nxb3 37. e6 Qb7 38. Bxb3 Rxb3 39. Rf2 Qb4 40. Re2 Qc3 41.
Rf1 Qd3 42. Kg1 Rb2 43. Rfe1 Rxe2 44. Qxe2 Qg3+ 45. Kf1 Rb3 46. Rc1 Rf3+ 47.
Qxf3 Qxf3+ 0-1

[Event "16. Copenhagen Open"]
[Site "Copenhagen"]
[Date "1994.??.??"]
[Round "2"]
[White "Brodsky, Michail"]
[Black "Bogdanovich, Grigory"]
[Result "1/2-1/2"]
[WhiteElo "2500"]
[BlackElo "2385"]
[PlyCount "39"]
[EventDate "1994.??.??"]
[EventType "swiss"]
[EventRounds "10"]
[EventCountry "DEN"]
[SourceDate "2004.01.01"]

1. e4 c5 2. Nf3 Nf6 3. Nc3 Nc6 4. d4 d5 5. exd5 Nxd5 6. Nxd5 Qxd5 7. Be3 cxd4
8. Nxd4 Bd7 9. Nb5 Qxd1+ 10. Rxd1 Rc8 11. a3 a6 12. Nc3 Ne5 13. Bd4 Nc4 14. Nd5
e5 15. Bc3 Be6 16. Bxc4 Rxc4 17. Ne3 Rc5 18. O-O Be7 19. Rfe1 f6 20. Bb4
1/2-1/2

[Event "16. Copenhagen Open"]
[Site "Copenhagen"]
[Date "1994.??.??"]
[Round "2"]
[White "Christensen, Bo Garner"]
[Black "Hyldkrog, Lars"]
[Result "1-0"]
[WhiteElo "2225"]
[BlackElo "2090"]
[PlyCount "81"]
[EventDate "1994.??.??"]
[EventType "swiss"]
[EventRounds "10"]
[EventCountry "DEN"]
[SourceDate "2004.01.01"]

1. d4 Nf6 2. c4 e6 3. Nf3 d5 4. Nc3 Bb4 5. Bg5 Nbd7 6. e3 c5 7. cxd5 exd5 8. a3
Bxc3+ 9. bxc3 Qa5 10. Qb3 Ne4 11. Rc1 Nxg5 12. Nxg5 h6 13. Nxf7 Kxf7 14. Qxd5+
Ke7 15. Bc4 Rf8 16. O-O Qc7 17. Qe6+ Kd8 18. Rfd1 a6 19. dxc5 Qxc5 20. Rd5 Qe7
21. Qb6+ Ke8 22. Qg6+ Kd8 23. Rcd1 b5 24. Be2 Qf6 25. Qd3 Rf7 26. f4 Ra7 27.
Rd6 Qh4 28. g3 Qh3 29. e4 Re7 30. f5 Ke8 31. Qd5 Kf8 32. Re6 Rf7 33. Qc5+ Kg8
34. Qxc8+ Nf8 35. Re8 Rae7 36. Rxe7 Rxe7 37. Rd8 Rf7 38. Qxa6 h5 39. Qg6 h4 40.
Bf1 Rf6 41. Bxh3 1-0

[Event "16. Copenhagen Open"]
[Site "Copenhagen"]
[Date "1994.??.??"]
[Round "2"]
[White "Danielsen, Henrik"]
[Black "Strange, Mikkel"]
[Result "1-0"]
[WhiteElo "2480"]
[BlackElo "2155"]
[PlyCount "95"]
[EventDate "1994.??.??"]
[EventType "swiss"]
[EventRounds "10"]
[EventCountry "DEN"]
[SourceDate "2004.01.01"]

1. d4 f5 2. g3 Nf6 3. Bg2 d6 4. Nc3 e5 5. dxe5 dxe5 6. Qxd8+ Kxd8 7. Bg5 c6 8.
e4 Kc7 9. O-O-O h6 10. Bxf6 gxf6 11. Bh3 fxe4 12. Bxc8 Kxc8 13. Nxe4 Nd7 14.
Nf3 f5 15. Nd6+ Bxd6 16. Rxd6 Kc7 17. Rhd1 Rh7 18. Re6 e4 19. Nh4 Rf8 20. Ng6
Rff7 21. Nf4 Nc5 22. Rg6 Nd7 23. h3 Nf8 24. Rg8 Nd7 25. Rg6 Nf8 26. Rgd6 Nd7
27. Re6 Nc5 28. Rg6 Rd7 29. Rf6 Rdf7 30. Rdd6 Re7 31. Rxh6 Rxh6 32. Rxh6 e3 33.
fxe3 Rxe3 34. b4 Na6 35. a3 Rxg3 36. Kb2 Rf3 37. Ne6+ Kb6 38. c4 Re3 39. h4 Nb8
40. a4 a5 41. c5+ Ka7 42. b5 cxb5 43. axb5 a4 44. Nc7 Rb3+ 45. Ka2 b6 46. Rh7
Kb7 47. Nd5+ Kc8 48. c6 1-0

[Event "16. Copenhagen Open"]
[Site "Copenhagen"]
[Date "1994.??.??"]
[Round "2"]
[White "Emms, John"]
[Black "Flaata, Alexander"]
[Result "1-0"]
[WhiteElo "2525"]
[BlackElo "1900"]
[PlyCount "29"]
[EventDate "1994.??.??"]
[EventType "swiss"]
[EventRounds "10"]
[EventCountry "DEN"]
[SourceDate "2004.01.01"]

1. e4 c5 2. Nf3 d6 3. d4 cxd4 4. Nxd4 Nf6 5. Nc3 a6 6. Bc4 e6 7. Bb3 b5 8. O-O
Bb7 9. Re1 Be7 10. Bxe6 fxe6 11. Nxe6 Qc8 12. Nxg7+ Kf7 13. Nf5 Nc6 14. Nd5
Nxd5 15. Qh5+ 1-0

[Event "16. Copenhagen Open"]
[Site "Copenhagen"]
[Date "1994.??.??"]
[Round "2"]
[White "Grabow, Pouelsten Holm"]
[Black "Petersen, Nils"]
[Result "1/2-1/2"]
[WhiteElo "2285"]
[BlackElo "2005"]
[PlyCount "45"]
[EventDate "1994.??.??"]
[EventType "swiss"]
[EventRounds "10"]
[EventCountry "DEN"]
[SourceDate "2004.01.01"]

1. c4 e6 2. Nf3 Nf6 3. Nc3 d5 4. e3 Bd6 5. d4 c6 6. Bd3 Nbd7 7. O-O O-O 8. h3
dxc4 9. Bxc4 e5 10. dxe5 Nxe5 11. Nxe5 Bxe5 12. Qc2 Qe7 13. Bd2 Bc7 14. Rfe1
Rd8 15. Rad1 b5 16. Bf1 Bb7 17. Bc1 a6 18. Rxd8+ Rxd8 19. g3 c5 20. Bg2 Bxg2
21. Kxg2 Ba5 22. Rd1 Rxd1 23. Qxd1 1/2-1/2

[Event "16. Copenhagen Open"]
[Site "Copenhagen"]
[Date "1994.??.??"]
[Round "2"]
[White "Hansen, Lars Bo"]
[Black "Petersen, Sren Boeck"]
[Result "1-0"]
[WhiteElo "2545"]
[BlackElo "2235"]
[PlyCount "70"]
[EventDate "1994.??.??"]
[EventType "swiss"]
[EventRounds "10"]
[EventCountry "DEN"]
[SourceDate "2004.01.01"]

1. e4 e6 2. d4 d5 3. e5 c5 4. c3 Nc6 5. Nf3 Bd7 6. Be2 Qc7 7. O-O f5 8. Be3 Nh6
9. dxc5 Ng4 10. Bd4 O-O-O 11. Nbd2 Ngxe5 12. b4 Nxf3+ 13. Nxf3 e5 14. b5 exd4
15. bxc6 Bxc6 16. cxd4 g6 17. Rb1 Bg7 18. Bb5 Rhe8 19. Qa4 Re6 20. Bxc6 Rxc6
21. Rfe1 Bf6 22. Re3 b6 23. Ra3 Rd7 24. Qb5 Kb8 25. h3 Re7 26. Rab3 Ree6 27.
cxb6 axb6 28. Qxd5 Rcd6 29. Qa5 Bxd4 30. Nxd4 Rxd4 31. Rxb6+ Rxb6 32. Rxb6+ Kc8
33. Qa8+ Kd7 34. Rb1 Rd6 35. Re1 Qc8 1-0

[Event "16. Copenhagen Open"]
[Site "Copenhagen"]
[Date "1994.??.??"]
[Round "2"]
[White "Hansen, Sune Berg"]
[Black "Stojanovski, Sandi"]
[Result "1-0"]
[WhiteElo "2415"]
[BlackElo "2260"]
[PlyCount "87"]
[EventDate "1994.??.??"]
[EventType "swiss"]
[EventRounds "10"]
[EventCountry "DEN"]
[SourceDate "2004.01.01"]

1. e4 Nf6 2. e5 Nd5 3. d4 d6 4. Nf3 Bg4 5. Be2 e6 6. O-O Be7 7. c4 Nb6 8. Nc3
O-O 9. Be3 Nc6 10. exd6 cxd6 11. d5 exd5 12. Nxd5 Nxd5 13. Qxd5 Bf6 14. Qd2 Re8
15. Rad1 Re6 16. h3 Bf5 17. b3 Qe7 18. Bd3 Bxd3 19. Qxd3 a6 20. Qd5 Qc7 21. Bf4
Be5 22. Bc1 Rae8 23. Ng5 R6e7 24. Ba3 h6 25. Ne4 Re6 26. Kh1 Qa5 27. Qxa5 Nxa5
28. Rd5 b6 29. Bxd6 Bxd6 30. Nxd6 Re1 31. Kg1 R8e2 32. b4 Nc6 33. a3 Re5 34.
Nc8 b5 35. Rd6 Ne7 36. f4 Rxf1+ 37. Kxf1 Re4 38. Nxe7+ Rxe7 39. Rxa6 bxc4 40.
b5 Re3 41. a4 c3 42. Rc6 Re4 43. b6 Rb4 44. a5 1-0

[Event "16. Copenhagen Open"]
[Site "Copenhagen"]
[Date "1994.??.??"]
[Round "2"]
[White "Hedman, Erik"]
[Black "Costello, Colin"]
[Result "1-0"]
[WhiteElo "2285"]
[BlackElo "2160"]
[PlyCount "69"]
[EventDate "1994.??.??"]
[EventType "swiss"]
[EventRounds "10"]
[EventCountry "DEN"]
[SourceDate "2004.01.01"]

1. e4 e6 2. d4 d5 3. Nc3 Bb4 4. e5 c5 5. a3 Bxc3+ 6. bxc3 Qc7 7. Nf3 Ne7 8. h4
Nbc6 9. h5 h6 10. Bd3 cxd4 11. cxd4 Nxd4 12. Nxd4 Qc3+ 13. Qd2 Qxa1 14. c3 Nc6
15. Nb3 Qxc1+ 16. Nxc1 Nxe5 17. O-O Bd7 18. Re1 Ng4 19. c4 dxc4 20. Bxc4 Rc8
21. Bb3 Nf6 22. Qb4 Nxh5 23. Qxb7 Nf6 24. Ba4 Rd8 25. Qxa7 O-O 26. Rd1 Ra8 27.
Rxd7 Nxd7 28. Qxd7 Rfd8 29. Qb5 Rdb8 30. Qe5 Rb1 31. Qc3 g6 32. Bd1 Rd8 33. Bf3
e5 34. Kh2 Rd4 35. g3 1-0

[Event "16. Copenhagen Open"]
[Site "Copenhagen"]
[Date "1994.??.??"]
[Round "2"]
[White "Hoi, Carsten"]
[Black "Roder, Peter"]
[Result "1/2-1/2"]
[WhiteElo "2425"]
[BlackElo "2205"]
[PlyCount "46"]
[EventDate "1994.??.??"]
[EventType "swiss"]
[EventRounds "10"]
[EventCountry "DEN"]
[SourceDate "2004.01.01"]

1. d4 Nf6 2. Nf3 g6 3. c4 c5 4. d5 b5 5. cxb5 a6 6. b6 Qxb6 7. Nc3 Bg7 8. e4 d6
9. Be2 Bd7 10. e5 dxe5 11. Nxe5 Bb5 12. O-O Nbd7 13. Nxd7 Bxd7 14. Re1 O-O 15.
Bf3 Rae8 16. Be3 e6 17. dxe6 Rxe6 18. Rb1 Qa5 19. Nd5 Rd8 20. Qc2 Nxd5 21. Bxd5
Ba4 22. Bb3 Bxb3 23. Qxb3 Bd4 1/2-1/2

[Event "16. Copenhagen Open"]
[Site "Copenhagen"]
[Date "1994.??.??"]
[Round "2"]
[White "Hutters, Tomas"]
[Black "Pilgaard, Kim"]
[Result "1-0"]
[WhiteElo "2420"]
[BlackElo "2280"]
[PlyCount "69"]
[EventDate "1994.??.??"]
[EventType "swiss"]
[EventRounds "10"]
[EventCountry "DEN"]
[SourceDate "2004.01.01"]

1. Nf3 Nf6 2. c4 e6 3. g3 b6 4. Bg2 Bb7 5. O-O Be7 6. Nc3 O-O 7. Re1 Ne4 8.
Nxe4 Bxe4 9. d3 Bb7 10. e4 c5 11. d4 d6 12. d5 e5 13. Be3 f5 14. exf5 Rxf5 15.
Nd2 Rf8 16. Ne4 Nd7 17. Bh3 Bc8 18. Be6+ Kh8 19. f4 h6 20. f5 Nf6 21. Qf3 Bd7
22. Nxf6 Bxf6 23. Qe4 b5 24. b3 Be8 25. b4 cxb4 26. c5 Be7 27. Qxb4 a5 28. Qc3
b4 29. Qc1 Bf7 30. c6 Qc7 31. Rf1 Kh7 32. Qc4 Bf6 33. Rab1 Bxe6 34. fxe6 Rfb8
35. Qe4+ 1-0

[Event "16. Copenhagen Open"]
[Site "Copenhagen"]
[Date "1994.??.??"]
[Round "2"]
[White "Isaksen, Brian"]
[Black "Henrichsen, Jens"]
[Result "1-0"]
[WhiteElo "2245"]
[BlackElo "2150"]
[PlyCount "93"]
[EventDate "1994.??.??"]
[EventType "swiss"]
[EventRounds "10"]
[EventCountry "DEN"]
[SourceDate "2004.01.01"]

1. e4 Nf6 2. e5 Nd5 3. d4 d6 4. Nf3 dxe5 5. Nxe5 g6 6. Bc4 c6 7. O-O Bg7 8. Re1
O-O 9. c3 Be6 10. Bb3 Nd7 11. Nxd7 Qxd7 12. Bg5 Nc7 13. Nd2 Rfe8 14. Nf3 Bxb3
15. Qxb3 Ne6 16. Bh4 Rad8 17. Ng5 Nxg5 18. Bxg5 Kf8 19. Bf4 Kg8 20. Be5 Bxe5
21. Rxe5 e6 22. Rae1 Qc7 23. Qc4 Re7 24. h4 h5 25. Qe2 Red7 26. g4 Rd5 27. gxh5
Rxe5 28. Qxe5 Qxe5 29. Rxe5 Kg7 30. hxg6 Kxg6 31. Rg5+ Kh6 32. Kf1 f6 33. Rg4
Rd7 34. Ke2 Kh5 35. Kf3 Rd5 36. Rg7 Rb5 37. b4 Kxh4 38. Re7 Rf5+ 39. Ke3 b6 40.
Rxe6 c5 41. dxc5 bxc5 42. b5 Kg5 43. c4 Rf4 44. Re4 Rf5 45. Re7 Rf4 46. Re4 Rf5
47. a4 1-0

[Event "16. Copenhagen Open"]
[Site "Copenhagen"]
[Date "1994.??.??"]
[Round "2"]
[White "Jakobsen, Ole"]
[Black "Backlund, Anders"]
[Result "1-0"]
[WhiteElo "2375"]
[BlackElo "2130"]
[PlyCount "79"]
[EventDate "1994.??.??"]
[EventType "swiss"]
[EventRounds "10"]
[EventCountry "DEN"]
[SourceDate "2004.01.01"]

1. d4 Nf6 2. c4 g6 3. Nc3 Bg7 4. e4 d6 5. f3 O-O 6. Nge2 Nbd7 7. Bg5 c5 8. Qd2
Re8 9. d5 a6 10. Ng3 b5 11. cxb5 axb5 12. Bxb5 Ba6 13. Bxa6 Rxa6 14. O-O Qb6
15. Kh1 Rb8 16. b3 Rc8 17. Rab1 Raa8 18. a4 Qa6 19. Rfc1 Ne5 20. Nb5 Rab8 21.
f4 Ned7 22. h3 h6 23. Bxf6 Bxf6 24. Qe2 Bg7 25. Nf1 Nb6 26. Ne3 Na8 27. Nc4 Nc7
28. Nca3 Kh7 29. Qc2 Nxb5 30. Nxb5 Ra8 31. Qc4 Qa5 32. Rc2 Rcb8 33. Re2 f6 34.
Rc2 Rc8 35. Qe2 Rab8 36. Rc4 Qa6 37. Qg4 Qb7 38. h4 h5 39. Qf3 Bh6 40. Rbc1 1-0